000 00540nam a22001937a 4500
003 OSt
005 20250701155401.0
008 250701s 2005ag ||||| |||| 00| 1 spa d
020 _a9870401937
040 _cbesoc
100 1 _aDe Santis, Pablo,
_d(1963-),
_eautor
245 1 3 _aLas plantas carnívoras /
_cPablo De Santis
250 _a2a ed.
260 _aBuenos Aires :
_bAlfaguara,
_c2005
300 _a144 p.
490 0 _aAlfajuara juvenil
650 4 _aLiteratura argentina
_vNovela
_ySiglo XXI
_xColección juvenil
942 _2udc
_cOG
_n0
999 _c530
_d530